| 000 | 00837nam a2200265u 4500 | ||
|---|---|---|---|
| 001 | 23978 | ||
| 003 | BD-RjUL | ||
| 005 | 20211209001008.0 | ||
| 008 | 140312s1966 enkab 001 0 eng | ||
| 035 | _a(BD-RjUL)24043 | ||
| 040 |
_aDLC _cCarP _dDLC _dBD-RjUL _beng |
||
| 041 | _aeng | ||
| 082 |
_a914 _bPON 1966 |
||
| 100 | 1 |
_aPowrie, P. J. [from old catalog] _973836 |
|
| 245 | 1 | 0 |
_aNorth-west Europe / _cP J Powrie; Anthony John Mansfield; Kenneth Eifion Williams. |
| 250 | _a4th ed rev. | ||
| 260 |
_aLondon ; _aToronto [etc.] : _bHarrap, _cc1966. |
||
| 300 |
_a543 p. : _bill., maps, tables, diagrs. ; _c21 cm. |
||
| 504 | _aIncludes index. | ||
| 651 | 0 |
_aEurope _xDescription and travel. _965724 |
|
| 700 | 1 |
_aMansfield, Anthony John, _ejoint author. _973837 |
|
| 942 |
_2ddc _cBK |
||
| 999 |
_c23978 _d23978 |
||